| 000 | 01306nam a2200349Ia 4500 | ||
|---|---|---|---|
| 001 | ebr10112659 | ||
| 003 | CaPaEBR | ||
| 006 | m u | ||
| 007 | cr cn||||||||| | ||
| 008 | 050516s2005 caua s 001 0 eng d | ||
| 020 | _z0738490156 | ||
| 040 |
_aCaPaEBR _cCaPaEBR |
||
| 035 | _a(OCoLC)228139123 | ||
| 050 | 1 | 4 |
_aQA76.9.B32 _b.C49 2005eb |
| 100 | 1 | _aCeylan, Sanver. | |
| 245 | 1 | 0 |
_aDeployment guide for IBM tivoli storage manager version 5.3 _h[electronic resource] / _cSanver Ceylan et al. |
| 260 |
_aSan Jose, CA : _bIBM, _cc2005. |
||
| 300 |
_axii, 186 p. : _bill. |
||
| 490 | 1 | _aIBM redbooks | |
| 500 | _a"October 2005." | ||
| 500 | _aIncludes index. | ||
| 533 |
_aElectronic reproduction. _bPalo Alto, Calif. : _cebrary, _d2009. _nAvailable via World Wide Web. _nAccess may be limited to ebrary affiliated libraries. |
||
| 650 | 0 |
_aElectronic data processing _xBackup processing alternatives. |
|
| 650 | 0 | _aData recovery (Computer science) | |
| 655 | 7 |
_aElectronic books. _2local |
|
| 700 | 1 | _aGusler, Carl. | |
| 700 | 1 | _aHari, Krishnaprasath. | |
| 700 | 1 | _aJeyaraman, Rajkumar. | |
| 710 | 2 | _aebrary, Inc. | |
| 830 | 0 | _aIBM redbooks. | |
| 856 | 4 | 0 |
_uhttp://site.ebrary.com/lib/rucke/Doc?id=10112659 _zAn electronic book accessible through the World Wide Web; click to view |
| 999 |
_c211139 _d211139 |
||